[Event "Titled Tuesday intern op 06th Jun Late"]
[Site "Chess.com INT"]
[Date "2023.06.06"]
[Round "1"]
[White "Bluebaum, Matthias"]
[Black "Mayeregger, Arnold"]
[Result "1-0"]
[WhiteElo "2672"]
[BlackElo "2134"]
[PlyCount "97"]
[EventDate "2023.06.06"]
[EventType "swiss (blitz)"]
[EventRounds "11"]
[EventCountry "USA"]
[SourceTitle "EXT 2024"]
[Source "ChessBase"]
[SourceDate "2023.10.10"]
[SourceVersion "1"]
[SourceVersionDate "2023.10.10"]
[SourceQuality "1"]

1. d4 d5 2. c4 c6 3. Nf3 Nf6 4. Nc3 e6 5. Qc2 Nbd7 6. e4 dxe4 7. Nxe4 Be7 8. Bd3 0-0 9. 0-0 b5 10. c5 Bb7 11. Bf4 Nxe4 12. Bxe4 Nf6 13. Rad1 h6 14. Rfe1 Nd5 15. Bg3 a5 16. a3 b4 17. Ne5 Bf6 18. Nc4 Ba6 19. Bd6 Re8 20. Ne5 Bxe5 21. dxe5 bxa3 22. bxa3 Bb5 23. a4 Ba6 24. Qb3 Ra7 25. Qg3 Qg5 26. Rb1 Qxg3 27. hxg3 Nc3 28. Bxc6 Rc8 29. Rb6 Nd5 30. Bxd5 exd5 31. c6 Bc4 32. Reb1 Kh7 33. Rb7 Ra6 34. c7 Rc6 35. R1b6 Rxb6 36. Rxb6 d4 37. Rb8 Be6 38. Kf1 Kg6 39. Ke2 f6 40. Kd3 fxe5 41. Bxe5 Kf5 42. Kxd4 g5 43. Bd6 Bd7 44. Kd5 h5 45. f3 g4 46. Bf4 h4 47. Kd6 h3 48. fxg4+ Kxg4 49. gxh3+ 1-0

[Event "Titled Tuesday intern op 06th Jun Late"]
[Site "Chess.com INT"]
[Date "2023.06.06"]
[Round "9"]
[White "Martins, Bruno Andre Leite"]
[Black "Mayeregger, Arnold"]
[Result "1-0"]
[WhiteElo "2338"]
[BlackElo "2134"]
[PlyCount "107"]
[EventDate "2023.06.06"]
[EventType "swiss (blitz)"]
[EventRounds "11"]
[EventCountry "USA"]
[SourceTitle "EXT 2024"]
[Source "ChessBase"]
[SourceDate "2023.10.10"]
[SourceVersion "1"]
[SourceVersionDate "2023.10.10"]
[SourceQuality "1"]

1. e4 c5 2. Nf3 Nc6 3. d4 cxd4 4. Nxd4 Nf6 5. Nc3 e5 6. Ndb5 d6 7. Bg5 a6 8. Na3 b5 9. Nd5 Be7 10. Bxf6 Bxf6 11. c4 b4 12. Nc2 0-0 13. Be2 a5 14. 0-0 Be6 15. Qd3 Bg5 16. Rfd1 Kh8 17. Bf3 g6 18. b3 f5 19. Qe2 Qb8 20. Nde3 f4 21. Nd5 Bd8 22. a3 bxa3 23. Rxa3 Bxd5 24. exd5 Nb4 25. Nxb4 Qxb4 26. Raa1 Bb6 27. Rd3 Bc5 28. Ra4 Qb6 29. Be4 Kg7 30. h4 Qd8 31. Qg4 Ra7 32. h5 Qf6 33. hxg6 hxg6 34. Rh3 Bb6 35. Kf1 Bd8 36. Ke2 Qg5 37. Qxg5 Bxg5 38. b4 Rb8 39. Rha3 Rab7 40. bxa5 Rb2+ 41. Kf3 Bh4 42. g3 fxg3 43. fxg3 Bd8 44. a6 Bb6 45. a7 Ra8 46. Ra6 Bc5 47. R3a5 Kh6 48. Rxc5 dxc5 49. d6 Rf8+ 50. Kg4 Rbb8 51. axb8Q Rxb8 52. d7 Rd8 53. Bc6 Kg7 54. Ra8 1-0

[Event "Titled Tuesday intern op 06th Jun Late"]
[Site "Chess.com INT"]
[Date "2023.06.06"]
[Round "3"]
[White "Yanayt, Eugene"]
[Black "Mayeregger, Arnold"]
[Result "1/2-1/2"]
[WhiteElo "2060"]
[BlackElo "2134"]
[PlyCount "187"]
[EventDate "2023.06.06"]
[EventType "swiss (blitz)"]
[EventRounds "11"]
[EventCountry "USA"]
[SourceTitle "EXT 2024"]
[Source "ChessBase"]
[SourceDate "2023.10.10"]
[SourceVersion "1"]
[SourceVersionDate "2023.10.10"]
[SourceQuality "1"]

1. d4 d5 2. c4 c6 3. Nf3 Nf6 4. g3 dxc4 5. a4 a5 6. Na3 Be6 7. Bg2 h6 8. Ne5 g6 9. Nexc4 Bg7 10. e4 0-0 11. 0-0 Na6 12. h3 Nb4 13. Be3 Kh7 14. Qe2 Qb8 15. Bf4 Qa7 16. Rfd1 Rfc8 17. b3 Qa6 18. Bf1 b5 19. Ne5 Bxb3 20. axb5 cxb5 21. Rdb1 a4 22. Nxb5 Qb6 23. Na3 Qxd4 24. Bg2 Nh5 25. Nf3 Nxf4 26. gxf4 Qxa1 27. Rxa1 Bxa1 28. f5 Nc2 29. fxg6+ fxg6 30. Nb5 Bc4 31. Qxc2 Bxb5 32. Qb1 a3 33. Qxa1 a2 34. Nd4 Bc4 35. e5 Rab8 36. Be4 Bd5 37. Kh2 Bxe4 38. Qxa2 Rf8 39. Qe6 Rbe8 40. Kg3 Kg7 41. h4 Rf7 42. f4 Rd8 43. Qc4 Bf5 44. Ne6+ Bxe6 45. Qxe6 Rd3+ 46. Kg2 Rd4 47. h5 gxh5 48. f5 Rg4+ 49. Kh3 Rg5 50. f6+ exf6 51. exf6+ Rxf6 52. Qd7+ Rf7 53. Qd4+ Kg6 54. Qe4+ Rgf5 55. Qc6+ R5f6 56. Qe4+ Kg7 57. Qg2+ Kh7 58. Qe4+ Rf5 59. Qd3 Kg6 60. Qg3+ Rg5 61. Qd6+ Kg7 62. Qd4+ Rf6 63. Qd7+ Kg6 64. Qd3+ Rgf5 65. Qg3+ Kh7 66. Qc7+ Rf7 67. Qc2 Kg8 68. Qg2+ Rg5 69. Qa8+ Kg7 70. Qa1+ Rf6 71. Qa7+ Kg6 72. Qe3 Rgf5 73. Qe4 Kg5 74. Qh4+ Kg6 75. Qe4 Kg7 76. Qb7+ Rf7 77. Qb2+ Kh7 78. Qc2 R7f6 79. Qc7+ Kg6 80. Qc2 Kg5 81. Qg2+ Kf4 82. Qf2+ Ke5 83. Qe3+ Kd6 84. Qd4+ Ke6 85. Qe4+ Re5 86. Qc4+ Kf5 87. Qf1+ Kg6 88. Qd3+ Rff5 89. Qd6+ Kg5 90. Qd8+ Rf6 91. Qd2+ Kf5 92. Qf2+ Kg6 93. Qc2+ Ref5 94. Qe4 1/2-1/2

[Event "Titled Tuesday intern op 16th May Early"]
[Site "Chess.com INT"]
[Date "2023.05.16"]
[Round "7"]
[White "Goldin, Roman"]
[Black "Mayeregger, Arnold"]
[Result "0-1"]
[WhiteElo "2322"]
[BlackElo "2134"]
[PlyCount "60"]
[EventDate "2023.05.16"]
[EventType "swiss (blitz)"]
[EventRounds "11"]
[EventCountry "USA"]
[SourceTitle "CBM 214 Extra"]
[Source "ChessBase"]
[SourceDate "2023.07.31"]
[SourceVersion "1"]
[SourceVersionDate "2023.07.31"]
[SourceQuality "1"]

1. Nf3 d5 2. e3 Nf6 3. b4 e6 4. a3 a5 5. b5 Be7 6. Bb2 0-0 7. c4 dxc4 8. Bxc4 Nbd7 9. 0-0 Nb6 10. Be2 Bd7 11. Qc2 c6 12. Nc3 Nfd5 13. bxc6 Bxc6 14. Ne5 Be8 15. Rac1 Rc8 16. Qb3 a4 17. Qa2 f6 18. Nc4 Nxc3 19. Bxc3 Nd5 20. Bb2 Bf7 21. d3 e5 22. Qa1 b5 23. Nd2 Qa5 24. Rxc8 Rxc8 25. Rc1 Rb8 26. Nf3 b4 27. axb4 Qxb4 28. Ba3 Qxa3 29. Qxa3 Bxa3 30. Ra1 Nc3 0-1

[Event "Titled Tuesday intern op 16th May Early"]
[Site "Chess.com INT"]
[Date "2023.05.16"]
[Round "6"]
[White "Mayeregger, Arnold"]
[Black "Buchenau, Frank"]
[Result "1-0"]
[WhiteElo "2134"]
[BlackElo "2222"]
[PlyCount "75"]
[EventDate "2023.05.16"]
[EventType "swiss (blitz)"]
[EventRounds "11"]
[EventCountry "USA"]
[SourceTitle "CBM 214 Extra"]
[Source "ChessBase"]
[SourceDate "2023.07.31"]
[SourceVersion "1"]
[SourceVersionDate "2023.07.31"]
[SourceQuality "1"]

1. d4 e6 2. c4 Nf6 3. Nc3 Bb4 4. e3 0-0 5. Bd2 b6 6. Nf3 Bb7 7. Rc1 c5 8. a3 cxd4 9. axb4 dxc3 10. Bxc3 Ne4 11. b5 Nxc3 12. Rxc3 a6 13. Bd3 axb5 14. cxb5 d6 15. 0-0 Nd7 16. b4 Nf6 17. Qc2 e5 18. Be2 Ne4 19. Rc7 Nc5 20. bxc5 Qxc7 21. c6 Bc8 22. Rd1 Be6 23. Ng5 g6 24. Qd2 Rfd8 25. Ne4 d5 26. Ng5 Kg7 27. f4 exf4 28. exf4 Qd6 29. Qd4+ Kg8 30. g3 h6 31. Nf3 Qc5 32. Qxc5 bxc5 33. b6 Rac8 34. c7 Rxc7 35. bxc7 Rc8 36. Bc4 Rxc7 37. Bxd5 Rd7 38. Bb3 1-0

[Event "Asuncion zt 2.5"]
[Site "Asuncion"]
[Date "2023.03.08"]
[Round "6"]
[White "Krysa, Leandro Sergio"]
[Black "Mayeregger, Arnold"]
[Result "1-0"]
[WhiteElo "2538"]
[BlackElo "2134"]
[PlyCount "91"]
[EventDate "2023.03.05"]
[EventType "swiss"]
[EventRounds "9"]
[EventCountry "PAR"]
[SourceTitle "CBM 213 Extra"]
[Source "ChessBase"]
[SourceDate "2023.05.31"]
[SourceVersion "1"]
[SourceVersionDate "2023.05.31"]
[SourceQuality "1"]

1. c4 e6 2. Nf3 Nf6 3. g3 d5 4. d4 Be7 5. Bg2 0-0 6. 0-0 a5 7. Nc3 c6 8. Bf4 b6 9. Ne5 Ba6 10. e4 Bb4 11. exd5 cxd5 12. Re1 Bb7 13. Bg5 h6 14. Bxf6 Qxf6 15. Ng4 Qd8 16. Ne3 Na6 17. a3 Bxc3 18. bxc3 Nc7 19. Rb1 Ra6 20. Qe2 Bc8 21. a4 dxc4 22. Qxc4 Ne8 23. Qb3 Nf6 24. Bf1 Ne4 25. Bxa6 Bxa6 26. Qxb6 Qa8 27. d5 exd5 28. Qd4 Ng5 29. Kg2 Qc8 30. g4 Ne6 31. Qe5 Bd3 32. Rbd1 Be4+ 33. f3 f6 34. Qg3 Bh7 35. Nxd5 Re8 36. Qd6 Kf7 37. Re3 Bc2 38. Rd2 Bb3 39. Nb6 Qa6 40. c4 Bxc4 41. Nxc4 Qxc4 42. Re4 Qb3 43. Qd5 Qb6 44. Rde2 g5 45. Rxe6 Rxe6 46. Qd7+ 1-0

[Event "Asuncion zt 2.5"]
[Site "Asuncion"]
[Date "2023.03.08"]
[Round "5"]
[White "Mayeregger, Arnold"]
[Black "Perdomo, Leandro Daniel"]
[Result "1/2-1/2"]
[WhiteElo "2134"]
[BlackElo "2416"]
[PlyCount "94"]
[EventDate "2023.03.05"]
[EventType "swiss"]
[EventRounds "9"]
[EventCountry "PAR"]
[SourceTitle "CBM 213 Extra"]
[Source "ChessBase"]
[SourceDate "2023.05.31"]
[SourceVersion "1"]
[SourceVersionDate "2023.05.31"]
[SourceQuality "1"]

1. Nf3 Nf6 2. c4 g6 3. Nc3 Bg7 4. g3 0-0 5. Bg2 d6 6. 0-0 c6 7. d3 a5 8. Rb1 d5 9. b3 Re8 10. Bb2 d4 11. Nxd4 Qxd4 12. Nd5 Qa7 13. Nc7 Rd8 14. Qc2 Na6 15. Nxa8 Qxa8 16. a3 Nc5 17. b4 Ne6 18. Be5 Qa7 19. e3 h6 20. d4 a4 21. Bxf6 Bxf6 22. d5 cxd5 23. cxd5 Ng7 24. Qc7 e6 25. Rfd1 Ne8 26. Qa5 Qxa5 27. bxa5 exd5 28. Rxd5 Be6 29. Rxd8 Bxd8 30. Rxb7 Bxa5 31. Ra7 Bc3 32. Ra8 Bd7 33. Rd8 Bb5 34. Bf1 Bf6 35. Bxb5 Bxd8 36. Bxe8 Be7 37. Bxa4 Bxa3 38. Kg2 Kg7 39. e4 Kf6 40. Bb3 Bc5 41. h4 Bb4 42. f4 Be1 43. Kf3 Ke7 44. Bc2 Kf6 45. Bd3 Kg7 46. Bf1 Kf6 47. Bh3 Kg7 1/2-1/2

[Event "Asuncion zt 2.5"]
[Site "Asuncion"]
[Date "2023.03.05"]
[Round "1"]
[White "Mayeregger, Arnold"]
[Black "Navarro Canete, Facundo Javier"]
[Result "1-0"]
[WhiteElo "2134"]
[BlackElo "1224"]
[PlyCount "59"]
[EventDate "2023.03.05"]
[EventType "swiss"]
[EventRounds "9"]
[EventCountry "PAR"]
[SourceTitle "CBM 213 Extra"]
[Source "ChessBase"]
[SourceDate "2023.05.31"]
[SourceVersion "1"]
[SourceVersionDate "2023.05.31"]
[SourceQuality "1"]

1. e4 c5 2. Nc3 g6 3. d4 cxd4 4. Qxd4 Nf6 5. Be3 Nc6 6. Qd2 Bg7 7. f3 d6 8. Nge2 0-0 9. Bh6 Bd7 10. h4 Qa5 11. h5 Ne5 12. hxg6 fxg6 13. Bxg7 Kxg7 14. Qh6+ Kf7 15. 0-0-0 Rac8 16. Kb1 Qb6 17. Ka1 Nc4 18. Qc1 Ne3 19. Rd3 Nxf1 20. Rxf1 Ke8 21. Nf4 Bb5 22. Nxb5 Qxb5 23. Ne6 Rg8 24. e5 Qxd3 25. cxd3 Rxc1+ 26. Rxc1 dxe5 27. Rc7 b6 28. Rxa7 Nd5 29. Ng5 h6 30. Ra8+ 1-0

[Event "PAR-ch sf"]
[Site "Asuncion"]
[Date "2021.11.20"]
[Round "7"]
[White "Mayeregger, Arnold"]
[Black "Almiron, Antonio"]
[Result "1/2-1/2"]
[WhiteElo "2122"]
[BlackElo "2366"]
[PlyCount "30"]
[EventDate "2021.11.12"]
[EventType "swiss"]
[EventRounds "9"]
[EventCountry "PAR"]
[SourceTitle "EXT 2023"]
[Source "ChessBase"]
[SourceDate "2022.10.05"]
[SourceVersion "1"]
[SourceVersionDate "2022.10.05"]
[SourceQuality "1"]

1. b3 d5 2. Bb2 c5 3. e3 Nf6 4. Nf3 g6 5. g3 Bg7 6. Bg2 0-0 7. 0-0 Nc6 8. Ne5 Bd7 9. d3 Rc8 10. c4 Nxe5 11. Bxe5 Bc6 12. Nc3 e6 13. Rc1 Qd7 14. Qe2 b6 15. Qb2 dxc4 1/2-1/2

[Event "PAR-ch sf"]
[Site "Asuncion"]
[Date "2021.11.12"]
[Round "1"]
[White "Munoz Orozco, Sashir Nicolas"]
[Black "Mayeregger, Arnold"]
[Result "0-1"]
[WhiteElo "1733"]
[BlackElo "2122"]
[PlyCount "120"]
[EventDate "2021.11.12"]
[EventType "swiss"]
[EventRounds "9"]
[EventCountry "PAR"]
[SourceTitle "EXT 2023"]
[Source "ChessBase"]
[SourceDate "2022.10.05"]
[SourceVersion "1"]
[SourceVersionDate "2022.10.05"]
[SourceQuality "1"]

1. d4 g6 2. Bf4 Bg7 3. Nc3 d6 4. e4 a6 5. Nf3 Nc6 6. Be2 Nf6 7. Qd2 Bg4 8. 0-0-0 Bxf3 9. Bxf3 e5 10. dxe5 dxe5 11. Qxd8+ Rxd8 12. Rxd8+ Kxd8 13. Rd1+ Kc8 14. Be3 h5 15. h3 Bh6 16. Bxh6 Rxh6 17. Be2 Ne8 18. Nd5 Nd6 19. f3 f5 20. Nb6+ Kd8 21. Nc4 Ke7 22. Nxd6 cxd6 23. c3 Rh8 24. Kd2 h4 25. Ke3 f4+ 26. Kd2 Rc8 27. b4 a5 28. a3 g5 29. Rb1 axb4 30. axb4 Ra8 31. Bc4 Kd7 32. Kc2 Ne7 33. Kb2 Kc6 34. Rd1 Rd8 35. Bd5+ Nxd5 36. Rxd5 b5 37. Kb3 Ra8 38. Rd2 Ra1 39. Kb2 Re1 40. Kb3 Rg1 41. Rb2 d5 42. exd5+ Kxd5 43. Rd2+ Ke6 44. Re2 Kf5 45. c4 Rb1+ 46. Kc3 Rc1+ 47. Rc2 Rxc2+ 48. Kxc2 bxc4 49. Kc3 Ke6 50. Kxc4 e4 51. fxe4 g4 52. Kd3 f3 53. Ke3 fxg2 54. Kf2 gxh3 55. b5 Kd6 56. Kg1 Kc5 57. e5 Kxb5 58. e6 Kc6 59. e7 Kd7 60. e8Q+ Kxe8 0-1

[Event "Asuncion Fernando Memorial"]
[Site "Asuncion"]
[Date "2021.08.29"]
[Round "6"]
[White "Mayeregger, Arnold"]
[Black "Gonzalez, Augusto"]
[Result "1/2-1/2"]
[WhiteElo "2122"]
[BlackElo "1791"]
[PlyCount "131"]
[EventDate "2021.08.27"]
[EventType "swiss"]
[EventRounds "7"]
[EventCountry "PAR"]
[SourceTitle "EXT 2022"]
[Source "ChessBase"]
[SourceDate "2021.10.06"]
[SourceVersion "1"]
[SourceVersionDate "2021.10.06"]
[SourceQuality "1"]

1. e4 e6 2. d4 d5 3. e5 c5 4. c3 Nc6 5. Nf3 Bd7 6. a3 c4 7. Nbd2 Na5 8. Be2 Bc6 9. 0-0 Qd7 10. Qe1 0-0-0 11. Bd1 Ba4 12. h4 Bxd1 13. Qxd1 h6 14. h5 Ne7 15. b3 cxb3 16. Nxb3 Nxb3 17. Qxb3 Nc6 18. Nd2 Na5 19. Qc2 Kb8 20. f4 f5 21. exf6 gxf6 22. Nf3 Qf7 23. Qe2 Nc4 24. Nh4 f5 25. Ng6 Rg8 26. Re1 Re8 27. a4 Rxg6 28. hxg6 Qxg6 29. a5 a6 30. Ra4 Qg3 31. Bd2 Bd6 32. Rf1 Nxd2 33. Qxd2 Rg8 34. Ra2 Rg6 35. Rc2 Bc7 36. c4 Rg4 37. Rc3 Qh4 38. cxd5 exd5 39. Rxc7 Kxc7 40. Qc2+ Kb8 41. Qxf5 Qg3 42. Rf2 Rh4 43. Qe5+ Ka7 44. Qxd5 Qh2+ 45. Kf1 Rxf4 46. Qc5+ Ka8 47. Qc8+ Ka7 48. Qc5+ Ka8 49. Rxf4 Qxf4+ 50. Ke2 Qe4+ 51. Kf2 Qf4+ 52. Kg1 Qe3+ 53. Kh2 Qg5 54. g3 Qxc5 55. dxc5 Kb8 56. Kh3 Kc7 57. Kh4 Kc6 58. Kh5 Kxc5 59. Kxh6 b5 60. axb6 Kxb6 61. g4 a5 62. g5 a4 63. g6 a3 64. g7 a2 65. g8Q a1Q 66. Qd8+ 1/2-1/2

[Event "Asuncion Fernando Memorial"]
[Site "Asuncion"]
[Date "2021.08.28"]
[Round "3"]
[White "Mayeregger, Arnold"]
[Black "Pereira, Fabian"]
[Result "1-0"]
[WhiteElo "2122"]
[BlackElo "2059"]
[PlyCount "47"]
[EventDate "2021.08.27"]
[EventType "swiss"]
[EventRounds "7"]
[EventCountry "PAR"]
[SourceTitle "EXT 2022"]
[Source "ChessBase"]
[SourceDate "2021.10.06"]
[SourceVersion "1"]
[SourceVersionDate "2021.10.06"]
[SourceQuality "1"]

1. e4 c5 2. Nf3 e6 3. c3 Nf6 4. e5 Nd5 5. d4 Qc7 6. a3 d6 7. c4 Nb6 8. exd6 Bxd6 9. b4 N6d7 10. dxc5 Be5 11. Ra2 a5 12. Nxe5 Qxe5+ 13. Re2 Qf5 14. Rb2 axb4 15. axb4 b6 16. Bd3 Qf6 17. cxb6 Bb7 18. 0-0 0-0 19. Nd2 Ne5 20. Be4 Bxe4 21. Nxe4 Qg6 22. Qe2 Nbc6 23. b5 Nd4 24. Qe3 1-0

[Event "Titled Tuesday intern op 11th May"]
[Site "Chess.com INT"]
[Date "2021.05.11"]
[Round "3"]
[White "Mayeregger, Arnold"]
[Black "Cramling Bellon, Anna"]
[Result "1-0"]
[WhiteElo "2122"]
[BlackElo "2035"]
[PlyCount "55"]
[EventDate "2021.05.11"]
[EventType "swiss (blitz)"]
[EventRounds "11"]
[EventCountry "USA"]
[SourceTitle "CBM 202 Extra"]
[Source "ChessBase"]
[SourceDate "2021.07.31"]
[SourceVersion "1"]
[SourceVersionDate "2021.07.31"]
[SourceQuality "1"]

1. e4 c5 2. d4 cxd4 3. c3 Nf6 4. e5 Nd5 5. cxd4 e6 6. Nf3 d6 7. a3 Nd7 8. exd6 Bxd6 9. Bd3 0-0 10. 0-0 N7f6 11. Nc3 Nxc3 12. bxc3 Qc7 13. Bg5 Be7 14. c4 Bd7 15. Bh4 Bc6 16. Bg3 Bd6 17. Bh4 Be7 18. Bg3 Bd6 19. Rc1 Bxa3 20. Bxc7 Bxc1 21. Qxc1 Bxf3 22. gxf3 Rac8 23. Be5 Nd7 24. Bd6 Rfd8 25. c5 Nf6 26. Be4 Rxd6 27. cxd6 Rxc1 28. Rxc1 1-0

[Event "Titled Tuesday intern op 11th May"]
[Site "Chess.com INT"]
[Date "2021.05.11"]
[Round "5"]
[White "Mayeregger, Arnold"]
[Black "Kiseljova, Marya"]
[Result "1-0"]
[WhiteElo "2122"]
[BlackElo "2031"]
[PlyCount "53"]
[EventDate "2021.05.11"]
[EventType "swiss (blitz)"]
[EventRounds "11"]
[EventCountry "USA"]
[SourceTitle "CBM 202 Extra"]
[Source "ChessBase"]
[SourceDate "2021.07.31"]
[SourceVersion "1"]
[SourceVersionDate "2021.07.31"]
[SourceQuality "1"]

1. e4 c5 2. d4 cxd4 3. c3 dxc3 4. Nxc3 Nc6 5. Nf3 d6 6. Bc4 e6 7. 0-0 Nf6 8. Qe2 Be7 9. Rd1 e5 10. h3 0-0 11. Bg5 Be6 12. Bb5 a6 13. Bxc6 bxc6 14. Nxe5 Qb6 15. Nf3 Rab8 16. b3 h6 17. Bxf6 Bxf6 18. Rac1 Qa5 19. Na4 Be7 20. Rxc6 Bd7 21. Rxa6 Qh5 22. Ra7 Bb5 23. Qe3 Bg5 24. Qd4 Bf4 25. Nc3 Bc6 26. Nd5 Bb5 27. Nxf4 1-0

[Event "Titled Tuesday intern op 11th May"]
[Site "Chess.com INT"]
[Date "2021.05.11"]
[Round "11"]
[White "Mayeregger, Arnold"]
[Black "Stepanencu, Nicodim Cosmin"]
[Result "0-1"]
[WhiteElo "2122"]
[BlackElo "2240"]
[PlyCount "124"]
[EventDate "2021.05.11"]
[EventType "swiss (blitz)"]
[EventRounds "11"]
[EventCountry "USA"]
[SourceTitle "CBM 202 Extra"]
[Source "ChessBase"]
[SourceDate "2021.07.31"]
[SourceVersion "1"]
[SourceVersionDate "2021.07.31"]
[SourceQuality "1"]

1. e4 e6 2. d4 d5 3. e5 c5 4. c3 Nc6 5. Nf3 Bd7 6. a3 c4 7. Nbd2 Na5 8. g3 Ne7 9. h4 Nc8 10. Bh3 Nb6 11. 0-0 Qc7 12. Nh2 0-0-0 13. Ng4 Be7 14. Ne3 f6 15. f4 Rhg8 16. Nf3 Rdf8 17. Re1 Bd8 18. Rb1 g5 19. exf6 gxf4 20. Nf1 fxg3 21. Bxe6 Bxe6 22. Rxe6 Bxf6 23. Qe2 Nc6 24. Bg5 Bxg5 25. hxg5 Qf4 26. Kg2 Kd7 27. Re1 Nc8 28. b3 Nd6 29. Re7+ Nxe7 30. Qxe7+ Kc8 31. Qe6+ Kb8 32. Re3 Nf5 33. Qe5+ Qxe5 34. Rxe5 cxb3 35. Rxd5 b2 36. Rb5 Re8 37. Rxb2 Ne3+ 38. Nxe3 Rxe3 39. Kxg3 Rf8 40. Rf2 Rxc3 41. Kg4 Rxa3 42. Ne5 Rxf2 43. Nd7+ Kc7 44. Nc5 Rb2 45. Ne6+ Kd6 46. Nf4 Rb4 47. Kf5 Rxd4 48. Ne2 Rd2 49. Nf4 Rf2 50. Kg4 Rxf4+ 51. Kxf4 Ra5 52. g6 hxg6 53. Kg4 Rf5 54. Kg3 b5 55. Kg2 b4 56. Kg1 b3 57. Kg2 b2 58. Kg3 b1Q 59. Kg4 Qe4+ 60. Kg3 Rf3+ 61. Kg2 Qe2+ 62. Kg1 Rf1# 0-1

[Event "Titled Tuesday intern op 04th May"]
[Site "Chess.com INT"]
[Date "2021.05.04"]
[Round "3"]
[White "Mayeregger, Arnold"]
[Black "Rustemov, Alexander"]
[Result "0-1"]
[WhiteElo "2122"]
[BlackElo "2525"]
[PlyCount "66"]
[EventDate "2021.05.04"]
[EventType "swiss (blitz)"]
[EventRounds "11"]
[EventCountry "USA"]
[SourceTitle "CBM 202 Extra"]
[Source "ChessBase"]
[SourceDate "2021.07.31"]
[SourceVersion "1"]
[SourceVersionDate "2021.07.31"]
[SourceQuality "1"]

1. e4 e6 2. d4 d5 3. e5 c5 4. c3 Qb6 5. Nf3 Bd7 6. Be2 Bb5 7. Bxb5+ Qxb5 8. a4 Qa6 9. Na3 cxd4 10. Nb5 Qb6 11. cxd4 a6 12. Nc3 Nc6 13. 0-0 Bb4 14. Be3 Nge7 15. Rc1 Rc8 16. Qd3 h6 17. h4 0-0 18. g4 f6 19. exf6 Rxf6 20. Ne5 Qc7 21. Nb5 Qd8 22. Nc3 Nxe5 23. dxe5 Rf3 24. Kg2 Qf8 25. Qe2 Ng6 26. h5 Nh4+ 27. Kh2 Rc4 28. Rg1 Rxe3 29. Qxe3 Nf3+ 30. Kh1 Nxg1 31. Rxg1 Bc5 32. Qe2 Qxf2 33. Qxc4 Qxg1# 0-1

[Event "Titled Tuesday intern op 06th Apr"]
[Site "Chess.com INT"]
[Date "2021.04.06"]
[Round "2"]
[White "Pile, Richard"]
[Black "Mayeregger, Arnold"]
[Result "1-0"]
[WhiteElo "2443"]
[BlackElo "2122"]
[PlyCount "53"]
[EventDate "2021.04.06"]
[EventType "swiss (blitz)"]
[EventRounds "11"]
[EventCountry "USA"]
[SourceTitle "CBM 201 Extra"]
[Source "ChessBase"]
[SourceDate "2021.05.31"]
[SourceVersion "1"]
[SourceVersionDate "2021.05.31"]
[SourceQuality "1"]

1. e4 c5 2. Nf3 Nc6 3. Bb5 g6 4. 0-0 Bg7 5. Nc3 e5 6. Bc4 Nge7 7. a4 0-0 8. d3 h6 9. Be3 d6 10. Nd5 Be6 11. c3 Kh7 12. Nxe7 Qxe7 13. a5 f5 14. exf5 Bxf5 15. Nd2 Qd7 16. Ne4 b6 17. axb6 axb6 18. Rxa8 Rxa8 19. Bd5 Be6 20. Qb3 Na5 21. Bxe6 Nxb3 22. Bxd7 Ra2 23. Rb1 d5 24. Be6 dxe4 25. Bxb3 Ra7 26. dxe4 b5 27. Bxc5 1-0